[Event "POL-chT 2nd League"]
[Site "Polanica Zdroj"]
[Date "2004.09.07"]
[Round "5"]
[White "Bielinski, Dariusz"]
[Black "Suleja, Jaroslaw"]
[Result "0-1"]
[WhiteElo "2225"]
[BlackElo "2248"]
[PlyCount "42"]
[EventDate "2004.09.04"]
[EventType "team-swiss"]
[EventRounds "11"]
[EventCountry "POL"]
[SourceTitle "CBM 102 Extra"]
[Source "ChessBase"]
[SourceDate "2004.11.03"]
[SourceVersion "1"]
[SourceVersionDate "2004.11.03"]
[SourceQuality "1"]
[WhiteTeam "Lubsko Caissa"]
[BlackTeam "Wroclaw AZS Politechnika"]
[WhiteTeamCountry "POL"]
[BlackTeamCountry "POL"]

1. e4 e6 2. d3 d5 3. Nd2 Nf6 4. Ngf3 dxe4 5. dxe4 Bc5 6. Bd3 Nc6 7. 0-0 e5 8. h3 0-0 9. a3 a5 10. Nc4 Qe7 11. Bg5 b6 12. Qe2 h6 13. Bh4 g5 14. Bg3 Nh5 15. Kh2 Nf4 16. Bxf4 gxf4 17. c3 Kh8 18. b4 Bd6 19. g4 Rg8 20. Nxd6 cxd6 21. Nd2 Bxg4 0-1

[Event "POL-chT 2nd League"]
[Site "Polanica Zdroj"]
[Date "2004.09.06"]
[Round "3"]
[White "Banasik, Henryk"]
[Black "Suleja, Jaroslaw"]
[Result "1/2-1/2"]
[WhiteElo "2203"]
[BlackElo "2248"]
[PlyCount "60"]
[EventDate "2004.09.04"]
[EventType "team-swiss"]
[EventRounds "11"]
[EventCountry "POL"]
[SourceTitle "CBM 102 Extra"]
[Source "ChessBase"]
[SourceDate "2004.11.03"]
[SourceVersion "1"]
[SourceVersionDate "2004.11.03"]
[SourceQuality "1"]
[WhiteTeam "Bytom Szombierki"]
[BlackTeam "Wroclaw AZS Politechnika"]
[WhiteTeamCountry "POL"]
[BlackTeamCountry "POL"]

1. e4 e6 2. d4 d5 3. Nd2 Nc6 4. Ngf3 Nf6 5. e5 Ne4 6. Bd3 Nxd2 7. Bxd2 Nb4 8. Bxb4 Bxb4+ 9. c3 Be7 10. h4 c5 11. dxc5 Bxc5 12. Qa4+ Bd7 13. Qg4 Qb6 14. 0-0 g6 15. Ng5 Be7 16. Qf4 Bxg5 17. Qxg5 Qd8 18. Qh6 Qe7 19. a4 0-0-0 20. Rfd1 Kb8 21. Be2 Rdg8 22. Qg5 Qxg5 23. hxg5 h6 24. f4 hxg5 25. fxg5 Rh4 26. Rd4 Rgh8 27. Rxh4 Rxh4 28. g4 Rh3 29. Kf2 Bc6 30. a5 Kc7 1/2-1/2

[Event "POL-chT 52nd"]
[Site "Augustow"]
[Date "1996.11.27"]
[Round "1"]
[White "Suleja, Jaroslaw"]
[Black "Markowski, Tomasz"]
[Result "1/2-1/2"]
[WhiteElo "2250"]
[BlackElo "2540"]
[PlyCount "82"]
[EventDate "1996.11.27"]
[EventType "team-tourn"]
[EventRounds "11"]
[EventCountry "POL"]
[SourceTitle "EXT 2019"]
[Source "ChessBase"]
[SourceDate "2018.10.10"]
[SourceVersion "1"]
[SourceVersionDate "2018.10.10"]
[SourceQuality "1"]
[WhiteTeam "Wroclaw Hetman"]
[BlackTeam "Glogow MOK Chrobry"]
[WhiteTeamCountry "POL"]
[BlackTeamCountry "POL"]

1. e4 c5 2. d3 Nc6 3. g3 g6 4. Bg2 Bg7 5. c3 d6 6. Ne2 e5 7. Be3 Nge7 8. Qd2 h6 9. Na3 Be6 10. 0-0 Qd7 11. d4 cxd4 12. cxd4 d5 13. dxe5 Nxe5 14. Nf4 d4 15. Nxe6 fxe6 16. Bf4 N5c6 17. Qd3 0-0 18. Bh3 g5 19. Qb3 Rf6 20. Bd2 Raf8 21. Rad1 Kh8 22. Be3 Qe8 23. Rxd4 Nxd4 24. Bxd4 R6f7 25. Bxg7+ Rxg7 26. Qxe6 Ng6 27. Qxe8 Rxe8 28. Bf5 Rd8 29. Nc4 b5 30. Ne3 Ne5 31. Rc1 Nc4 32. Nxc4 Rc7 33. b3 bxc4 34. bxc4 Rc5 35. Be6 Rd2 36. a4 Ra2 37. Bd5 Rxa4 38. e5 Rca5 39. Kg2 Ra1 40. Rc3 R5a3 41. Rc2 R1a2 1/2-1/2

[Event "Pardubice op"]
[Site "Pardubice"]
[Date "1995.??.??"]
[Round "?"]
[White "Suleja, Jaroslaw"]
[Black "Bagaturov, Giorgi"]
[Result "0-1"]
[WhiteElo "2225"]
[BlackElo "2465"]
[PlyCount "60"]
[EventDate "1995.07.??"]
[EventType "swiss"]
[EventRounds "9"]
[EventCountry "CZE"]
[SourceTitle "EXT 1997"]
[Source "ChessBase"]
[SourceDate "1996.11.15"]
[SourceVersion "1"]
[SourceVersionDate "1996.11.15"]
[SourceQuality "1"]

1. e4 c5 2. d3 Nc6 3. g3 g6 4. Bg2 Bg7 5. c3 e6 6. Be3 b6 7. Ne2 Nge7 8. d4 cxd4 9. Nxd4 0-0 10. Na3 Bb7 11. 0-0 d5 12. Nxc6 Bxc6 13. Bg5 f6 14. exd5 Bxd5 15. Be3 Qc7 16. Bxd5 Nxd5 17. Qb3 Kh8 18. Rae1 Rad8 19. Bc1 e5 20. Nb5 Qb7 21. Rd1 a6 22. c4 axb5 23. cxd5 f5 24. Qxb5 f4 25. b3 Qc8 26. Qxb6 Qh3 27. Qe6 Rf5 28. Rd3 e4 29. Bxf4 exd3 30. Rc1 Qh5 0-1

[Event "POL-ch U20 op"]
[Site "Biala Podlaska"]
[Date "1994.??.??"]
[Round "8"]
[White "Suleja, Jaroslaw"]
[Black "Spisak, Czeslaw"]
[Result "1-0"]
[WhiteElo "2190"]
[BlackElo "2230"]
[PlyCount "103"]
[EventDate "1994.08.19"]
[EventType "swiss"]
[EventRounds "11"]
[EventCountry "POL"]
[SourceTitle "EXT 2001"]
[Source "ChessBase"]
[SourceDate "2000.11.22"]
[SourceVersion "1"]
[SourceVersionDate "2000.11.22"]
[SourceQuality "1"]

1. e4 c5 2. d3 Nc6 3. g3 g6 4. Bg2 Bg7 5. c3 d6 6. Be3 e5 7. Ne2 Nge7 8. 0-0 0-0 9. f4 exf4 10. Nxf4 Rb8 11. Na3 b5 12. Nc2 b4 13. d4 Ba6 14. Rf2 bxc3 15. bxc3 Qa5 16. Nd5 Nxd5 17. exd5 cxd4 18. cxd4 Ne7 19. Bf4 Qb6 20. a4 Nf5 21. g4 Nh4 22. Bh1 Rfc8 23. a5 Qd8 24. Be4 Qe7 25. Bd3 Bc4 26. Ne3 Bb3 27. Bc2 Bxc2 28. Nxc2 Qe4 29. Bxd6 Rb2 30. Rc1 Rcxc2 31. Rcxc2 Rxc2 32. Rxc2 Bxd4+ 33. Kf1 h5 34. Bg3 Qh1+ 35. Ke2 Qf3+ 36. Ke1 Qe4+ 37. Qe2 Ng2+ 38. Kd2 Be3+ 39. Kc3 Qd4+ 40. Kb3 Qxd5+ 41. Qc4 Qb7+ 42. Ka2 Qf3 43. Be5 Kh7 44. gxh5 gxh5 45. Qd3+ Kh6 46. Rc8 Ne1 47. Qd6+ Kg5 48. Rg8+ Kf5 49. Bb2 Qb7 50. Qf6+ Ke4 51. Re8+ Kd3 52. Qc3+ 1-0